Mravný rozvoj rómskych detí zo sociálne znevýhodneného prostredia

Bibliographic Details
Main Author: Daňo, Juraj, 1946- (Author)
Format: Article
Language:Slovak
Subjects:

MARC

LEADER 00000nab a2200000 a 4500
001 vtls000565328
003 SK-MaSNL
005 20260303195006.0
008 120929c1993 xo 0 slo
015 |a SNBRA19rr/mm-uuuuu 
035 |a CL0565466 
040 |a SNKBUCL  |b slo  |c SNKBUCL  |e AACR2 
041 0 |a slo 
044 |a xo  |c SK 
080 |a 17-057.66-053.2  |2 1981 
080 |a 376.66  |2 1981 
080 |a 37.03:17  |2 1981 
080 |a 397-053.2  |2 1981 
100 1 |a Daňo, Juraj,  |d 1946-  |4 aut  |9 5227 
245 1 0 |a Mravný rozvoj rómskych detí zo sociálne znevýhodneného prostredia  |c Juraj Daňo 
300 |b Res. angl. 
650 0 7 |a deti rómske  |2 snkbucl  |9 881146 
650 0 7 |a rozvoj mravný  |2 snkbucl  |9 1227702 
650 0 7 |a prostredie sociálne znevýhodnené  |2 snkbucl  |9 1227703 
655 7 |a články zo zborníkov  |2 snkbucl  |9 166140 
773 0 |t Zborník Pedagogickej fakulty v Prešove UPJŠ Košice. Spoločenské vedy 21  |d Prešov : Pedagogická fakulta, 1993  |g S. 6-11  |z 8088697034 
850 |a Slovenská národná knižnica v Martine  |a MTA001 
852 |a SNK  |b KIS3GCP 
958 |a RK 
992 |a RZB 
999 |c 2160495  |d 2162425